[Event "Charleroi op"]
[Site "Charleroi"]
[Date "2015.08.05"]
[Round "6"]
[White "Reinhart, Emmanuel"]
[Black "Ronse, Ivan"]
[Result "1-0"]
[WhiteElo "2343"]
[BlackElo "1947"]
[PlyCount "73"]
[EventDate "2015.08.01"]
[EventType "swiss"]
[EventRounds "9"]
[EventCountry "BEL"]
[SourceTitle "CBM 167 Extra"]
[Source "ChessBase"]
[SourceDate "2015.09.14"]
[SourceVersion "1"]
[SourceVersionDate "2015.09.14"]
[SourceQuality "1"]

1. e4 c5 2. Nf3 d6 3. d4 cxd4 4. Qxd4 Nc6 5. Bb5 Bd7 6. Qd3 Nf6 7. c4 g6 8. Nc3 Bg7 9. h3 0-0 10. 0-0 a6 11. Bxc6 Bxc6 12. Nd4 Bd7 13. Be3 Rc8 14. a4 Qc7 15. b3 Rfe8 16. Rfc1 h6 17. a5 e6 18. Nde2 Bc6 19. Rd1 Qe7 20. b4 d5 21. exd5 exd5 22. cxd5 Nxd5 23. Nxd5 Bxd5 24. Qxd5 Bxa1 25. Rxa1 Qxb4 26. Rd1 Qe7 27. Rb1 Rc7 28. Rb6 Kh7 29. Qb3 Qe5 30. Qa4 Ree7 31. Qh4 Qa1+ 32. Kh2 Rxe3 33. fxe3 Qxa5 34. Qd4 Qf5 35. Ng3 Qd7 36. Rd6 Qe7 37. Ne4 1-0

[Event "Charleroi op"]
[Site "Charleroi"]
[Date "2013.07.29"]
[Round "4"]
[White "Marte, Sebastien"]
[Black "Ronse, Ivan"]
[Result "1/2-1/2"]
[WhiteElo "2034"]
[BlackElo "1879"]
[PlyCount "150"]
[EventDate "2013.07.27"]
[EventType "swiss"]
[EventRounds "9"]
[EventCountry "BEL"]
[SourceTitle "CBM 155 Extra"]
[Source "ChessBase"]
[SourceDate "2013.08.26"]
[SourceVersion "1"]
[SourceVersionDate "2013.08.26"]
[SourceQuality "1"]

1. Nf3 Nf6 2. d4 g6 3. c4 Bg7 4. Nc3 d5 5. e3 0-0 6. Be2 dxc4 7. Bxc4 c5 8. 0-0 cxd4 9. exd4 Qc7 10. Bb3 Bg4 11. h3 Bxf3 12. Qxf3 Nc6 13. Be3 Nd7 14. Rfd1 e5 15. Nd5 Qd8 16. dxe5 Bxe5 17. Nc3 Qe7 18. Rac1 Bxc3 19. Rxc3 Nde5 20. Qg3 Rfd8 21. Rxd8+ Qxd8 22. Rc5 Qd6 23. Rd5 Qc7 24. Bg5 Re8 25. Bf6 Re6 26. Bg5 Ne7 27. Rd1 Nf5 28. Qf4 Rd6 29. Rc1 Nc6 30. Re1 Qd7 31. g4 Rd4 32. Qf3 Rd3 33. Qe4 Ng7 34. Be3 Ne6 35. Bc4 Rd1 36. Rxd1 Qxd1+ 37. Kg2 Qd6 38. Bd5 Qd7 39. a3 a6 40. f3 Nc7 41. Bb3 Ne6 42. h4 Ne7 43. Bh6 Nc6 44. Be3 Ncd4 45. Bd5 Nc6 46. Bh6 Ned4 47. h5 Ne6 48. hxg6 hxg6 49. Be3 Kg7 50. Bd2 Qd6 51. Bc3+ Kg8 52. Bxe6 Qxe6 53. Qf4 Kf8 54. Kf2 Ke7 55. Qc7+ Qd7 56. Bf6+ Ke6 57. Qf4 Qd5 58. Bc3 Ne5 59. Qxe5+ Qxe5 60. Bxe5 Kxe5 61. Ke3 g5 62. b3 b6 63. a4 a5 64. Kd3 Kd5 65. Kc3 Kc5 66. Kd3 Kb4 67. Kc2 Kc5 68. Kc3 f6 69. Kd3 Kd5 70. Ke3 Ke5 71. Kd3 f5 72. gxf5 Kxf5 73. Ke3 Ke5 74. Kd3 Kf4 75. Ke2 Kf5 1/2-1/2